Rani Rudrama Devi / (Record no. 101392)

MARC details
000 -LEADER
fixed length control field 00599nam a22001937a 4500
005 - DATE AND TIME OF LATEST TRANSACTION
control field 20160721153807.0
010 ## - LCCN (DPL NO)
LC control number ENG-115487
020 ## - INTERNATIONAL STANDARD BOOK NUMBER
International Standard Book Number 9788123778174
Terms of availability 145.00
035 ## - SYSTEM CONTROL NUMBER
System control number EN-99019
037 ## - SOURCE OF ACQUISITION
Source of stock number/acquisition DBAD/PUB
082 ## - DEWEY DECIMAL CLASSIFICATION NUMBER
Classification number 920
100 ## - MAIN ENTRY--PERSONAL NAME
Personal name Punjala Alekhya
245 ## - TITLE STATEMENT
Title Rani Rudrama Devi /
Remainder of title
Statement of responsibility, etc by Alekhya Punjala
260 ## - PUBLICATION, DISTRIBUTION, ETC. (IMPRINT)
Place of publication, distribution, etc New Delhi
Name of publisher, distributor, etc National Book Trust
Date of publication, distribution, etc 2016
270 ## - ADDRESS
Address Nehru Bhawan 5 Institutional Area, Phase-II Vasant Kunj
City New Delhi
Postal code 110070
300 ## - PHYSICAL DESCRIPTION
Extent ix,110p.
Dimensions 19cm(pbk)
500 ## - GENERAL NOTE
General note Includes bibliographical references
942 ## - ADDED ENTRY ELEMENTS (KOHA)
Source of classification or shelving scheme Dewey Decimal Classification
Item type English Books
Classification part 920
Call number suffix ALE
Holdings
Withdrawn status Lost status Not for loan Collection code Home library Current library Date acquired Source of acquisition Cost, normal purchase price Full call number Barcode Copy number Cost, replacement price Koha item type
      Fiction Shahdara Branch Shahdara Branch 21/07/2016 DBAD/PUB 145.00 920 ALE EN-99019 1 145.00 English Books

© Delhi Public Library
Hit Counter
free hit counter